| 000 | 00637cam a22002293a 4500 | ||
|---|---|---|---|
| 001 | 14262 | ||
| 003 | PGUSA | ||
| 005 | 20140828083315.0 | ||
| 008 | 041206s2004||||xxu|||||s|||||000 1 eng d | ||
| 040 |
_aPGUSA _beng |
||
| 042 | _adc | ||
| 050 | 4 | _aPR | |
| 100 | 1 |
_aCaine, Hall, _cSir, _d1853-1931 |
|
| 245 | 1 | 4 |
_aThe Shadow of a Crime : _bA Cumbrian Romance _h[electronic resource] / _cHall, Caine |
| 260 |
_bProject Gutenberg, _c2004 |
||
| 506 | _aPublic domain in the USA. | ||
| 516 | _aElectronic text | ||
| 653 | _aFiction | ||
| 830 | 0 |
_aProject Gutenberg _v14262 |
|
| 856 | 4 | 0 | _uhttp://www.gutenberg.org/ebooks/14262 |
| 942 | _cEB | ||
| 999 |
_c243517 _d243517 |
||